<The> free access to information analýza slobodného prístupu k informáciám v krajinách Európskej únie - Slovinsko, Veľká Británia, Estónsko a Chorvátsko

Enregistré dans:
Détails bibliographiques
Auteur principal: Dančíková, Zuzana
Autres auteurs: Ferčíková, Veronika, 1988-
Format: Livre
Langue:slovaque
anglais
Publié: Bratislava Transparency International Slovakia 2014
Édition:1. vyd.
Sujets:
Tags: Ajouter un tag
Pas de tags, Soyez le premier à ajouter un tag!

MARC

LEADER 00000nam a2200000 4500
001 0216460
005 20240729072853.9
020 |a 978-80-971326-6-8 
041 0 |a slo 
041 0 |a eng 
044 |a SK 
245 1 0 |a <The> free access to information  |b analýza slobodného prístupu k informáciám v krajinách Európskej únie - Slovinsko, Veľká Británia, Estónsko a Chorvátsko  |c Zuzana Dančíková, Veronika Ferčíková 
250 |a 1. vyd. 
264 1 |a Bratislava  |b Transparency International Slovakia  |c 2014 
300 |a [24 s., 21,69 NS] 
610 2 0 |a sloboda informácií 
610 2 0 |a Európska únia 
610 2 0 |a Slovinsko 
610 2 0 |a Veľká Británia 
610 2 0 |a Estónsko 
610 2 0 |a Chorvátsko 
100 1 |a Dančíková, Zuzana 
700 1 |a Ferčíková, Veronika, 1988-